[Event "BL 1516 SG Turm Trier - SV Griesheim"]
[Site "?"]
[Date "2016.04.23"]
[Round "14.7"]
[White "Koehler, Ronald"]
[Black "Kolbus, Dietmar"]
[Result "1/2-1/2"]
[WhiteElo "2275"]
[BlackElo "2305"]
[PlyCount "44"]
[EventDate "2016.??.??"]

1. d4 Nf6 2. c4 g6 3. Nc3 d5 4. Nf3 Bg7 5. Qb3 dxc4 6. Qxc4 O-O 7. e4 Na6 8.
Be2 c5 9. d5 e6 10. O-O exd5 11. exd5 Re8 12. Be3 Bf5 13. Rad1 Ne4 14. Nxe4
Rxe4 15. Qc1 Qb6 16. b3 Ree8 17. Nd2 Rac8 18. a3 Bd4 19. Nc4 Qd8 20. Qd2 Qxd5
21. Bxd4 cxd4 22. Ne3 Qe5 1/2-1/2

[Event "BL 1516 SG Turm Trier - SV Griesheim"]
[Site "?"]
[Date "2016.04.23"]
[Round "14.8"]
[White "Cioara, Andrei-Nestor"]
[Black "Spitzl, Vinzent"]
[Result "1-0"]
[WhiteElo "2422"]
[BlackElo "2245"]
[PlyCount "105"]
[EventDate "2016.??.??"]

1. d4 d5 2. c4 e6 3. Nf3 Nf6 4. g3 Bb4+ 5. Bd2 Be7 6. Bg2 O-O 7. O-O Nbd7 8.
Qc2 Ne4 9. Nc3 Nxd2 10. Nxd2 Nf6 11. Rfd1 dxc4 12. Nxc4 Nd5 13. Nb1 c6 14. e4
Nb6 15. Na5 Bb4 16. Nb3 Qe7 17. e5 a5 18. a3 a4 19. N3d2 Ba5 20. Ne4 f6 21. Nd6
Nd7 22. f4 Bc7 23. Ne4 Nb6 24. Nbc3 Nd5 25. Re1 Bb6 26. Rad1 f5 27. Nd6 Nxc3
28. bxc3 Bc7 29. Nc4 b5 30. Bxc6 Rb8 31. Nb2 Qxa3 32. Ra1 Qe7 33. Nd3 Bd7 34.
Bxd7 Qxd7 35. Nc5 Qd5 36. Qa2 Qxa2 37. Rxa2 Ba5 38. Rc1 Rfc8 39. c4 bxc4 40.
Rxa4 Bb4 41. Nxe6 c3 42. d5 Bc5+ 43. Kf1 Be3 44. Rc2 Rb2 45. Rxb2 cxb2 46. Rb4
Rc2 47. Rb8+ Kf7 48. Rb7+ Kg6 49. d6 Rc1+ 50. Ke2 b1=Q 51. Rxb1 Rxb1 52. Kxe3
Rd1 53. d7 1-0

[Event "BL 1516 Werder Bremen - Schwäbisch Hal"]
[Site "?"]
[Date "2016.04.23"]
[Round "14.1"]
[White "Inarkiev, Ernesto"]
[Black "Areshchenko, Alexander"]
[Result "1/2-1/2"]
[WhiteElo "2679"]
[BlackElo "2674"]
[PlyCount "187"]
[EventDate "2016.??.??"]

1. e4 c5 2. Nf3 d6 3. d4 cxd4 4. Nxd4 Nf6 5. Nc3 a6 6. Be3 e5 7. Nb3 Be6 8. f3
h5 9. Qd2 Nbd7 10. Nd5 Bxd5 11. exd5 g6 12. Be2 Bg7 13. O-O b6 14. c4 O-O 15.
Rac1 Re8 16. Rc2 h4 17. Bg5 h3 18. g3 a5 19. Be3 Nc5 20. Qd1 Nxb3 21. axb3 Nd7
22. Re1 Nc5 23. Rd2 a4 24. bxa4 Nxa4 25. Qb1 Qf6 26. Rf1 Kh7 27. Rf2 Nc5 28.
Qf1 Qf5 29. g4 Qd7 30. Qxh3+ Kg8 31. Kg2 Ra4 32. g5 Qxh3+ 33. Kxh3 Rb4 34. Kg2
e4 35. Bxc5 bxc5 36. fxe4 Rxe4 37. h3 Bd4 38. Rf3 Be3 39. Rc2 Bxg5 40. b3 Kg7
41. Kf1 Bh4 42. Rcc3 Re7 43. Rfe3 Ra7 44. Bd1 Ra1 45. Rcd3 Rb8 46. Re4 Bf6 47.
Re1 Rb1 48. Bc2 Rb2 49. Re2 Ra8 50. Rd1 Ra3 51. Rde1 Bh4 52. Rc1 Bg5 53. Rce1
Bf4 54. Bd1 Raa2 55. Kf2 Bd2 56. Rf1 Bc3 57. Ke3 Rxe2+ 58. Bxe2 Rb2 59. Bd1 Rh2
60. Rf3 f5 61. Kd3 Be5 62. b4 cxb4 63. c5 dxc5 64. Kc4 Rd2 65. Bb3 Bd6 66. Kb5
Rd4 67. Re3 f4 68. Re1 f3 69. Rf1 Rf4 70. Rf2 Rf5 71. Bc2 Rxd5 72. Rxf3 Rd2 73.
Bb3 Kh6 74. Bc4 Rb2 75. Kc6 Rc2 76. Bb3 Rd2 77. Bc4 Be7 78. Rf7 Rd4 79. Bd5 c4
80. Rxe7 b3 81. Rb7 c3 82. Rxb3 Rd3 83. Rb1 Rxh3 84. Kc5 g5 85. Kd4 g4 86. Rg1
Kg5 87. Be6 c2 88. Rc1 Rh2 89. Bb3 g3 90. Bxc2 Kf4 91. Bd3 g2 92. Be4 Rh1 93.
Rxh1 gxh1=Q 94. Bxh1 1/2-1/2

[Event "BL 1516 Werder Bremen - Schwäbisch Hal"]
[Site "?"]
[Date "2016.04.23"]
[Round "14.2"]
[White "McShane, Luke J"]
[Black "Laznicka, Viktor"]
[Result "1/2-1/2"]
[WhiteElo "2669"]
[BlackElo "2673"]
[PlyCount "82"]
[EventDate "2016.??.??"]

1. e4 c6 2. Nf3 d5 3. Nc3 Bg4 4. h3 Bxf3 5. Qxf3 e6 6. Qg3 Ne7 7. d3 Ng6 8. Bd2
h5 9. O-O-O h4 10. Qh2 d4 11. Ne2 e5 12. g3 Bd6 13. Qg1 c5 14. f4 hxg3 15. f5
Nf4 16. Qxg3 Nh5 17. Qf2 Nc6 18. Kb1 Qc7 19. Rg1 Rh7 20. Bg2 O-O-O 21. Bf3 Nf6
22. c4 Rdh8 23. Nc1 Bf8 24. Bg4 a6 25. Rg3 Be7 26. Qg2 Kb8 27. Be2 Ne8 28. Rh1
Bh4 29. Rf3 Ne7 30. Bd1 Nf6 31. Rff1 Qd6 32. Nb3 Nd7 33. Bc1 Ng8 34. Nd2 Bf6
35. Nf3 Ne7 36. h4 g6 37. fxg6 Nxg6 38. Ng5 Bxg5 39. Qxg5 Nxh4 40. Rf2 Nf8 41.
Bg4 Nhg6 1/2-1/2

[Event "BL 1516 Werder Bremen - Schwäbisch Hal"]
[Site "?"]
[Date "2016.04.23"]
[Round "14.3"]
[White "Gharamian, Tigran"]
[Black "Bluebaum, Matthias"]
[Result "0-1"]
[WhiteElo "2627"]
[BlackElo "2628"]
[PlyCount "82"]
[EventDate "2016.??.??"]

1. e4 e6 2. d4 d5 3. Nc3 Nf6 4. e5 Nfd7 5. f4 c5 6. Nf3 Be7 7. Be3 O-O 8. Qd2
b6 9. Nd1 a5 10. c3 Ba6 11. Bxa6 Nxa6 12. Qe2 Ndb8 13. O-O Qd7 14. Bf2 Nc6 15.
Ne3 b5 16. Rad1 cxd4 17. cxd4 a4 18. h4 Nc7 19. Ng4 Kh8 20. Rc1 Rac8 21. h5 h6
22. Qd2 Na8 23. Bh4 Nb6 24. b3 axb3 25. axb3 Bxh4 26. Nxh4 Qe7 27. Qf2 Nxd4 28.
g3 Nxb3 29. Rb1 Nc5 30. Rxb5 Nc4 31. Kh2 Ne4 32. Qg2 Ncd2 33. Re1 Rc2 34. Kh3
Rfc8 35. Re2 Nc3 36. Rxd2 Rxd2 37. Qxd2 Nxb5 38. Qd3 Qb4 39. f5 Qc4 40. Qd1 Nc3
41. Qa1 Ne4 0-1

[Event "BL 1516 Werder Bremen - Schwäbisch Hal"]
[Site "?"]
[Date "2016.04.23"]
[Round "14.4"]
[White "Hracek, Zbynek"]
[Black "Cornette, Matthieu"]
[Result "1/2-1/2"]
[WhiteElo "2599"]
[BlackElo "2581"]
[PlyCount "124"]
[EventDate "2016.??.??"]

1. e4 c5 2. Nf3 Nc6 3. d4 cxd4 4. Nxd4 e5 5. Nb5 d6 6. c4 Be7 7. N1c3 a6 8. Na3
Be6 9. Be2 Nd4 10. Nc2 Nxe2 11. Qxe2 Rc8 12. Ne3 Nf6 13. Bd2 Qd7 14. f3 Bd8 15.
b3 O-O 16. O-O Bb6 17. Kh1 Bd4 18. Rac1 Qd8 19. Rfd1 h6 20. Qd3 Rc6 21. Nc2 Bc5
22. Na4 Ba7 23. Nb4 Rc8 24. Nc3 Nh5 25. Nbd5 Nf6 26. Be3 Bxe3 27. Nxf6+ Qxf6
28. Qxe3 Rc6 29. Nd5 Qd8 30. Nb4 Rc8 31. Nd5 Re8 32. a4 Qa5 33. Kg1 Bxd5 34.
Rxd5 Qb4 35. Qc3 Qa3 36. Kf2 Rc5 37. Rxc5 Qxc5+ 38. Ke2 Rb8 39. Qe3 b6 40. Rd1
Kf8 41. Rd5 Qxe3+ 42. Kxe3 Ke7 43. b4 a5 44. bxa5 bxa5 45. c5 dxc5 46. Rxc5 Kf6
47. h4 Rb2 48. g4 Rb3+ 49. Kf2 Rb2+ 50. Kg3 Ra2 51. Rxa5 g5 52. h5 Kg7 53. Rxe5
Rxa4 54. Rd5 Ra2 55. Rd1 Kf6 56. Rf1 Ke5 57. Rb1 Kf6 58. Rf1 Ke5 59. Rf2 Rxf2
60. Kxf2 Kf4 61. Ke2 Kg3 62. Ke3 f6 1/2-1/2

[Event "BL 1516 Werder Bremen - Schwäbisch Hal"]
[Site "?"]
[Date "2016.04.23"]
[Round "14.5"]
[White "Wirig, Anthony"]
[Black "Babula, Vlastimil"]
[Result "1/2-1/2"]
[WhiteElo "2502"]
[BlackElo "2561"]
[PlyCount "81"]
[EventDate "2016.??.??"]

1. d4 Nf6 2. Nf3 e6 3. e3 d5 4. Bd3 c5 5. c3 Nc6 6. Nbd2 Bd6 7. O-O O-O 8. dxc5
Bxc5 9. b4 Bb6 10. b5 Na5 11. c4 dxc4 12. Nxc4 Nxc4 13. Bxc4 Bc5 14. Bb2 b6 15.
Qc2 Bb7 16. Ng5 g6 17. Rad1 Nd5 18. Bxd5 exd5 19. Ne4 Be7 20. Qc3 f6 21. Qb3
Rc8 22. Nc3 Rc4 23. a3 Bd6 24. e4 Kg7 25. Rd3 Qc7 26. Nxd5 Bxd5 27. Rxd5 Rxe4
28. g3 Rf7 29. Qd3 Re6 30. Rd1 Bc5 31. Bd4 Bxd4 32. Qxd4 Qe7 33. Qd3 Re1+ 34.
Rxe1 Qxe1+ 35. Kg2 Re7 36. h4 h5 37. Rd7 Qe6 38. Rd6 Qe5 39. Rd8 Qe6 40. Rd6
Qe5 41. Rd5 1/2-1/2

[Event "BL 1516 Werder Bremen - Schwäbisch Hal"]
[Site "?"]
[Date "2016.04.23"]
[Round "14.7"]
[White "Zeller, Frank"]
[Black "Markgraf, Alexander"]
[Result "0-1"]
[WhiteElo "2398"]
[BlackElo "2510"]
[PlyCount "74"]
[EventDate "2016.??.??"]

1. e4 c5 2. Nf3 d6 3. d4 cxd4 4. Nxd4 Nf6 5. Nc3 Nc6 6. Bc4 e6 7. Be3 Be7 8.
Qe2 a6 9. Bb3 Na5 10. g4 d5 11. O-O-O O-O 12. Kb1 Nxb3 13. axb3 e5 14. Nf5 d4
15. Bg5 Be6 16. f4 Bxf5 17. gxf5 Qc7 18. Bxf6 Bxf6 19. Nd5 Qd6 20. fxe5 Bxe5
21. Rhf1 f6 22. Rf3 a5 23. Rh3 Rf7 24. Qh5 h6 25. Qg6 Kf8 26. Qh7 Ke8 27. c3
dxc3 28. bxc3 Qa3 29. Kc2 Qa2+ 30. Kd3 Kd7 31. Qg6 Raf8 32. Kc4 b5+ 33. Kc5
Bd6+ 34. Kb6 Qa3 35. Qg1 Rb8+ 36. Ka6 Kc6 37. Nb6 Bc5 0-1

[Event "BL 1516 Werder Bremen - Schwäbisch Hal"]
[Site "?"]
[Date "2016.04.23"]
[Round "14.8"]
[White "Koop, Thorben"]
[Black "Raykhman, Alexander"]
[Result "1-0"]
[WhiteElo "2423"]
[BlackElo "2418"]
[PlyCount "41"]
[EventDate "2016.??.??"]

1. d4 Nf6 2. Nf3 g6 3. g3 Bg7 4. Bg2 O-O 5. O-O d6 6. c4 Nc6 7. h3 a6 8. Be3
Rb8 9. Qc1 b5 10. cxb5 Nb4 11. bxa6 Bxa6 12. Re1 Nfd5 13. Bh6 Bxh6 14. Qxh6 Nc2
15. Nc3 Nf6 16. Ng5 e6 17. Nce4 Re8 18. Rec1 Rxb2 19. Rab1 Rxb1 20. Rxb1 Qe7
21. Rc1 1-0

[Event "BL 1516 Turm Emsdetten - Erfurter SK"]
[Site "?"]
[Date "2016.04.23"]
[Round "14.1"]
[White "Votava, Jan"]
[Black "Swiercz, Dariusz"]
[Result "0-1"]
[WhiteElo "2522"]
[BlackElo "2655"]
[PlyCount "80"]
[EventDate "2016.??.??"]

1. d4 Nf6 2. Nf3 g6 3. g3 Bg7 4. Bg2 O-O 5. O-O d5 6. Bf4 c6 7. Qc1 Bf5 8. Nh4
Bg4 9. f3 Be6 10. c3 c5 11. Bh6 Bxh6 12. Qxh6 Qb6 13. Qd2 Nc6 14. Rd1 Bd7 15.
Bf1 e5 16. e3 Rfe8 17. Na3 Rad8 18. Nc2 Rc8 19. Rab1 a6 20. Qf2 Qa7 21. Rd2 b5
22. Rbd1 e4 23. f4 b4 24. cxb4 cxb4 25. h3 a5 26. g4 Ne7 27. Ne1 h5 28. g5 Nh7
29. Qg3 Qb8 30. Be2 Nf8 31. Neg2 Ne6 32. Kh2 Ng7 33. Qe1 Rc6 34. Rc1 Rec8 35.
Rxc6 Rxc6 36. Bd1 Rc1 37. Qg3 Qc8 38. Ne1 Qc4 39. b3 Qf1 40. Nhg2 Ngf5 0-1

[Event "BL 1516 Turm Emsdetten - Erfurter SK"]
[Site "?"]
[Date "2016.04.23"]
[Round "14.2"]
[White "Mchedlishvili, Mikheil"]
[Black "Machelett, Heiko"]
[Result "1/2-1/2"]
[WhiteElo "2615"]
[BlackElo "2406"]
[PlyCount "120"]
[EventDate "2016.??.??"]

1. Nf3 Nf6 2. c4 b6 3. Nc3 Bb7 4. d4 g6 5. d5 Bg7 6. e4 O-O 7. e5 Ng4 8. Ng5
Nh6 9. h4 e6 10. h5 exd5 11. hxg6 fxg6 12. cxd5 Rf5 13. Nge4 Qf8 14. f4 d6 15.
Ng5 Qe7 16. Ne6 dxe5 17. Bd3 Nd7 18. Bxf5 Nxf5 19. g4 Nd4 20. f5 Nxe6 21. fxe6
Nc5 22. Qf3 Nxe6 23. Qh3 Nf8 24. Bh6 Bxh6 25. Qxh6 c6 26. dxc6 Bxc6 27. Rh2 Rd8
28. Rc1 Bb7 29. Ne2 Qd7 30. Qe3 Ne6 31. b4 Nd4 32. Nxd4 exd4 33. Qf4 Re8+ 34.
Re2 d3 35. Rxe8+ Qxe8+ 36. Kd2 Qe2+ 37. Kc3 Bd5 38. Kd4 Bf7 39. Rc8+ Kg7 40.
Rc7 Qxa2 41. Qe5+ Kh6 42. Qf4+ Kg7 43. Kxd3 a5 44. b5 Qb3+ 45. Kd2 h6 46. Qd4+
Kh7 47. Qxb6 Qb4+ 48. Ke3 Qe1+ 49. Kf3 Qd1+ 50. Kf4 Qd2+ 51. Kg3 Qd3+ 52. Kf2
Qd2+ 53. Kf3 Qd1+ 54. Kf4 Qd2+ 55. Ke5 Qg5+ 56. Ke4 Qd5+ 57. Ke3 Qe5+ 58. Kd2
Qb2+ 59. Rc2 Qb4+ 60. Kd3 Qb3+ 1/2-1/2

[Event "BL 1516 Turm Emsdetten - Erfurter SK"]
[Site "?"]
[Date "2016.04.23"]
[Round "14.3"]
[White "Enders, Peter"]
[Black "Pruijssers, Roeland"]
[Result "0-1"]
[WhiteElo "2453"]
[BlackElo "2467"]
[PlyCount "72"]
[EventDate "2016.??.??"]

1. e4 e5 2. Nf3 Nc6 3. Bb5 f5 4. Nc3 fxe4 5. Nxe4 Nf6 6. Nxf6+ Qxf6 7. Qe2 Be7
8. Bxc6 bxc6 9. d3 Qg6 10. Be3 d6 11. O-O-O O-O 12. Ne1 a5 13. Kb1 a4 14. d4
Ba6 15. Qd2 exd4 16. Bxd4 Bg5 17. Be3 Bf6 18. a3 Rab8 19. Bd4 c5 20. Bxf6 Qxf6
21. c3 Qxf2 22. Nf3 Qxd2 23. Rxd2 Rbe8 24. Kc1 Re3 25. Ne1 g5 26. Nc2 Re5 27.
Re1 Rxe1+ 28. Nxe1 Rf1 29. Kd1 Bc4 30. g4 Kg7 31. Rg2 Bd5 32. Rg3 Rf2 33. Re3
Rxh2 34. Re7+ Kf6 35. Rxc7 Bb3+ 36. Kc1 Re2 0-1

[Event "BL 1516 Turm Emsdetten - Erfurter SK"]
[Site "?"]
[Date "2016.04.23"]
[Round "14.4"]
[White "Burg, Twan"]
[Black "Voekler, Bernd"]
[Result "1/2-1/2"]
[WhiteElo "2494"]
[BlackElo "2355"]
[PlyCount "140"]
[EventDate "2016.??.??"]

1. e4 c5 2. Nf3 d6 3. Bb5+ Bd7 4. c4 Nf6 5. Nc3 g6 6. d4 cxd4 7. Nxd4 Bg7 8.
O-O O-O 9. f3 Nc6 10. Be3 a6 11. Bxc6 bxc6 12. Qd2 Qb8 13. b3 Rd8 14. g4 e5 15.
Nde2 d5 16. exd5 cxd5 17. g5 d4 18. gxf6 dxe3 19. Qxe3 Bxf6 20. Nd5 Bg7 21.
Rad1 Bh3 22. Rf2 Be6 23. Nec3 Rd7 24. Rfd2 Qf8 25. Ne4 Bxd5 26. Rxd5 Rxd5 27.
cxd5 f5 28. Nc5 Bh6 29. Qc3 Qd6 30. Ne6 Re8 31. Qc6 Rxe6 32. Qc8+ Kg7 33. Qxe6
Qc5+ 34. Kh1 Bf4 35. Rf1 Qc2 36. Qe7+ Kg8 37. Qd8+ Kg7 38. Qe7+ Kg8 39. Qh4 Qd2
40. Qf2 Qxd5 41. Qe2 Qb7 42. Rd1 Kg7 43. Kg2 Kh6 44. Qd3 Qc6 45. Re1 Qf6 46.
Qe2 a5 47. Kh1 Qc6 48. Qf2 Qd5 49. Kg2 Qd8 50. Kh3 Qd5 51. Re2 g5 52. Kg2 g4
53. h3 Kg5 54. hxg4 fxg4 55. Re4 Kf5 56. Re1 h5 57. Rh1 Kg6 58. Qe2 gxf3+ 59.
Qxf3 Qd2+ 60. Kh3 Qd7+ 61. Kg2 Qd2+ 62. Kf1 Qc1+ 63. Kf2 Qc5+ 64. Ke1 Qc1+ 65.
Qd1 Bg3+ 66. Ke2 Qf4 67. Qd6+ Kg7 68. Qd7+ Kg6 69. Qc6+ Kg5 70. Rf1 Qg4+
1/2-1/2

[Event "BL 1516 Turm Emsdetten - Erfurter SK"]
[Site "?"]
[Date "2016.04.23"]
[Round "14.5"]
[White "Troyke, Christian"]
[Black "Janssen, Ruud"]
[Result "0-1"]
[WhiteElo "2350"]
[BlackElo "2493"]
[PlyCount "70"]
[EventDate "2016.??.??"]

1. g3 e5 2. c4 c6 3. Bg2 d5 4. cxd5 cxd5 5. d4 e4 6. Nh3 Bb4+ 7. Bd2 Bxd2+ 8.
Qxd2 Nf6 9. Nc3 O-O 10. f3 exf3 11. exf3 Re8+ 12. Kf2 Bxh3 13. Bxh3 Nc6 14.
Rhd1 Qa5 15. a3 Re7 16. b4 Qc7 17. Rac1 a6 18. Na4 Rae8 19. Nc5 h5 20. Bf1 h4
21. Qg5 hxg3+ 22. Qxg3 Qb6 23. Qf4 Nd8 24. Bd3 Ne6 25. Qh4 Qd6 26. Nxe6 Rxe6
27. Qg3 Qb6 28. Rc5 Re3 29. Qg5 Qe6 30. Rg1 g6 31. Bxg6 Re2+ 32. Kg3 fxg6 33.
Qxg6+ Kh8 34. Qh6+ Nh7 35. Qxe6 R8xe6 0-1

[Event "BL 1516 Turm Emsdetten - Erfurter SK"]
[Site "?"]
[Date "2016.04.23"]
[Round "14.6"]
[White "Fiebig, Thomas"]
[Black "Casper, Thomas"]
[Result "1-0"]
[WhiteElo "2429"]
[BlackElo "2379"]
[PlyCount "47"]
[EventDate "2016.??.??"]

1. d4 Nf6 2. Nf3 d6 3. Nc3 c6 4. e4 Bg4 5. h3 Bh5 6. Qe2 Qa5 7. g4 Bg6 8. Bd2
e5 9. O-O-O Nbd7 10. Kb1 Qc7 11. h4 h5 12. g5 Ng4 13. d5 Nc5 14. Be1 cxd5 15.
Nxd5 Qc6 16. Nd2 f5 17. Bg2 Bf7 18. Nf1 fxe4 19. Bxe4 Nxe4 20. Qxe4 Bxd5 21.
Rxd5 Qb6 22. f3 Nf2 23. Qg6+ Kd7 24. Rh2 1-0

[Event "BL 1516 Turm Emsdetten - Erfurter SK"]
[Site "?"]
[Date "2016.04.23"]
[Round "14.7"]
[White "Brueggemann, Joachim"]
[Black "Zumsande, Martin"]
[Result "0-1"]
[WhiteElo "2309"]
[BlackElo "2483"]
[PlyCount "86"]
[EventDate "2016.??.??"]

1. e4 e6 2. d4 d5 3. Nc3 Nf6 4. Bg5 Bb4 5. e5 h6 6. Bc1 Ne4 7. Qg4 g6 8. Nge2
c5 9. a3 Bxc3+ 10. Nxc3 Qa5 11. b4 cxb4 12. Nxe4 dxe4 13. Qxe4 Nc6 14. Bc4
bxa3+ 15. Bd2 Qa4 16. Qd3 Nb4 17. Bxb4 Qxb4+ 18. Ke2 O-O 19. Rhb1 Qe7 20. Qxa3
Qh4 21. Qe3 Bd7 22. g3 Qg4+ 23. Kd2 Bc6 24. Bd3 Rfd8 25. c3 Qh3 26. f3 a5 27.
Bf1 Qh5 28. Be2 b5 29. h4 b4 30. Rh1 g5 31. hxg5 Qxg5 32. f4 Qg7 33. Rh4 bxc3+
34. Qxc3 Be4 35. Rg4 Bg6 36. Rxa5 Rxa5 37. Qxa5 Rxd4+ 38. Ke1 Qf8 39. Rh4 Qc8
40. f5 Rxh4 41. gxh4 Qc1+ 42. Kf2 Qf4+ 43. Kg2 Bxf5 0-1

[Event "BL 1516 Turm Emsdetten - Erfurter SK"]
[Site "?"]
[Date "2016.04.23"]
[Round "14.8"]
[White "Richter, Christian"]
[Black "Steinacker, Alex"]
[Result "1-0"]
[WhiteElo "2356"]
[BlackElo "2193"]
[PlyCount "269"]
[EventDate "2016.??.??"]

1. d4 Nf6 2. Nf3 g6 3. g3 Bg7 4. Bg2 O-O 5. c4 d6 6. Nc3 Nc6 7. O-O a6 8. b3
Rb8 9. Bb2 b5 10. cxb5 axb5 11. Rc1 b4 12. Nb1 Na7 13. Qc2 c6 14. Ne1 Ba6 15.
Nd3 Nd5 16. Rfd1 Qb6 17. e3 Rfc8 18. Qd2 e6 19. Rc2 Bxd3 20. Qxd3 Nb5 21. Rdc1
Rc7 22. Nd2 Na3 23. Bxa3 bxa3 24. Bxd5 exd5 25. Nb1 Ra8 26. Nc3 Rac8 27. Rb1
Qb4 28. Qa6 Bf6 29. Rbc1 Bd8 30. Nb1 Qb7 31. Qxa3 Be7 32. Nc3 c5 33. Ne2 Ra8
34. Qb2 Bf6 35. Qc3 Re7 36. Qd3 Kg7 37. Rd1 Rd7 38. Nf4 cxd4 39. exd4 Re7 40.
Ne2 Re4 41. Kg2 Rae8 42. Qf3 Qa6 43. Rd3 Qa5 44. Rdd2 Qa6 45. b4 Bg5 46. Rc7
R8e7 47. Rxe7 Rxe7 48. Rc2 Qa4 49. Rb2 Qb5 50. Nc3 Qc4 51. Qxd5 Qxc3 52. Qxg5
Qxb2 53. Qxe7 Qxb4 54. Qe4 Qa5 55. Qc6 Qa3 56. Qc4 h5 57. Qb3 Qa7 58. Qd5 Qa3
59. Qc4 Kg8 60. h4 Kg7 61. Qb3 Qa7 62. Qb4 Qa8+ 63. Kg1 Qc6 64. Qb2 Qc4 65. a3
Kh7 66. Qa1 Qa4 67. Qc3 Kg7 68. Kg2 Kh7 69. Kh2 Qd1 70. Qb2 Qa4 71. Kg2 Kg7 72.
d5+ Kh7 73. Qb4 Qc2 74. Qd4 Qb3 75. a4 Qa2 76. Kg1 Qb1+ 77. Kh2 Qa2 78. Kg2 Kg8
79. Kg1 Qb1+ 80. Kh2 Qa2 81. Qa7 Qxd5 82. a5 g5 83. hxg5 h4 84. gxh4 Qe5+ 85.
Kg2 Qe4+ 86. Kg3 Qe5+ 87. Kf3 Qf5+ 88. Ke3 Qe5+ 89. Kd3 Qb5+ 90. Kc3 Qe5+ 91.
Kb4 Qb2+ 92. Kc4 d5+ 93. Kxd5 Qb3+ 94. Kc5 Qc3+ 95. Kd6 Qd3+ 96. Ke5 Qc3+ 97.
Kf4 Qc4+ 98. Kg3 Qc3+ 99. f3 Qe1+ 100. Kg2 Qd2+ 101. Kh3 Qd5 102. Qb8+ Kg7 103.
Qb2+ Kg8 104. Qc3 Qe6+ 105. Kg3 Qd6+ 106. Kg2 Qf4 107. Qe1 Qa4 108. Kg3 Qc6
109. Qd2 Qc7+ 110. Kg2 Qc4 111. h5 Kh7 112. h6 Kg6 113. Kg3 f6 114. gxf6 Qc7+
115. Kg4 Qc8+ 116. Kh4 Qc4+ 117. Kh3 Qe6+ 118. Kg2 Qxf6 119. Qb4 Qa1 120. Qb6+
Kh5 121. a6 Qa2+ 122. Kg1 Qa1+ 123. Kg2 Qa2+ 124. Kg1 Qa1+ 125. Kf2 Qa2+ 126.
Ke3 Qa3+ 127. Ke4 Qe7+ 128. Kd4 Qf6+ 129. Kc5 Qc3+ 130. Kd6 Kxh6 131. Qc6 Qa3+
132. Ke5+ Kh5 133. Ke6 Qe3+ 134. Kd6 Kg6 135. Qe4+ 1-0

[Event "BL 1516 SV Mülheim Nord - OSG Baden Ba"]
[Site "?"]
[Date "2016.04.23"]
[Round "14.1"]
[White "Wojtaszek, Radoslaw"]
[Black "Motylev, Alexander"]
[Result "1/2-1/2"]
[WhiteElo "2716"]
[BlackElo "2652"]
[PlyCount "40"]
[EventDate "2016.??.??"]

1. d4 d5 2. c4 c6 3. Nf3 Nf6 4. Nc3 e6 5. e3 Nbd7 6. Bd3 dxc4 7. Bxc4 b5 8. Bd3
Bd6 9. Bd2 b4 10. Ne4 Nxe4 11. Bxe4 Bb7 12. Qa4 Qb6 13. O-O O-O 14. Rfc1 Rfc8
15. a3 a5 16. axb4 axb4 17. Qb3 Nf6 18. Rxa8 Rxa8 19. Bd3 c5 20. dxc5 Bxc5
1/2-1/2

[Event "BL 1516 SV Mülheim Nord - OSG Baden Ba"]
[Site "?"]
[Date "2016.04.23"]
[Round "14.2"]
[White "Landa, Konstantin"]
[Black "Kasimdzhanov, Rustam"]
[Result "1/2-1/2"]
[WhiteElo "2618"]
[BlackElo "2694"]
[PlyCount "42"]
[EventDate "2016.??.??"]

1. d4 Nf6 2. Nf3 d5 3. c4 e6 4. g3 Be7 5. Bg2 O-O 6. O-O dxc4 7. Qc2 a6 8. a4
Bd7 9. Qxc4 Bc6 10. Bg5 h6 11. Bxf6 Bxf6 12. Nc3 Bxf3 13. Bxf3 Qxd4 14. Qxd4
Bxd4 15. Bxb7 Ra7 16. Bg2 Nd7 17. Rfd1 c5 18. e3 Bf6 19. Rd2 Rb8 20. Ne4 Be7
21. Rc2 Rb4 1/2-1/2

[Event "BL 1516 SV Mülheim Nord - OSG Baden Ba"]
[Site "?"]
[Date "2016.04.23"]
[Round "14.3"]
[White "Bacrot, Etienne"]
[Black "Berelowitsch, Alexander"]
[Result "1-0"]
[WhiteElo "2698"]
[BlackElo "2518"]
[PlyCount "91"]
[EventDate "2016.??.??"]

1. d4 d5 2. c4 e6 3. Nc3 c5 4. cxd5 exd5 5. Nf3 Nc6 6. g3 Nf6 7. Bg2 Be7 8. O-O
O-O 9. dxc5 Bxc5 10. a3 Re8 11. b4 Bb6 12. Bb2 Bg4 13. Rc1 h6 14. Na4 Qe7 15.
Nxb6 axb6 16. Re1 Rad8 17. Qd3 Bxf3 18. Qxf3 Ne5 19. Qf4 Nc4 20. Bxf6 Qxf6 21.
Qxf6 gxf6 22. Bxd5 Nxa3 23. Bxb7 Rd2 24. Rc6 Kg7 25. e3 Red8 26. Rec1 Rb2 27.
R6c3 Ra2 28. Be4 Rdd2 29. Rd3 Rxd3 30. Bxd3 Rb2 31. Rc3 Nb1 32. Rc4 Na3 33.
Rg4+ Kf8 34. Rd4 Kg7 35. Kg2 Rb3 36. h4 Rb2 37. h5 Rd2 38. Kf1 Rb2 39. Ke1 Nb1
40. Rd7 Nd2 41. f4 Kf8 42. Kd1 b5 43. Kc1 Ra2 44. Bxb5 Ne4 45. Rd8+ Kg7 46. Bd3
1-0

[Event "BL 1516 SV Mülheim Nord - OSG Baden Ba"]
[Site "?"]
[Date "2016.04.23"]
[Round "14.4"]
[White "Levin, Felix"]
[Black "Vallejo Pons, Francisco"]
[Result "1/2-1/2"]
[WhiteElo "2506"]
[BlackElo "2691"]
[PlyCount "169"]
[EventDate "2016.??.??"]

1. d4 d6 2. Nf3 g6 3. e4 Bg7 4. c3 Nf6 5. Bd3 O-O 6. O-O c5 7. dxc5 dxc5 8. Qe2
Nc6 9. Bf4 Nh5 10. Be3 Qc7 11. Qc2 Ne5 12. Nxe5 Bxe5 13. g3 Nf6 14. Na3 Ng4 15.
Bc1 Bg7 16. Be2 a6 17. Nc4 b5 18. Ne3 Nf6 19. a4 Bb7 20. f3 c4 21. axb5 axb5
22. Rxa8 Rxa8 23. b3 Qb6 24. bxc4 Bh6 25. Kf2 bxc4 26. Bxc4 Bxe4 27. Qb3 Qxb3
28. Bxb3 Bc6 29. Nf5 Bf8 30. Nh6+ Kg7 31. Nxf7 Bd5 32. Bxd5 Nxd5 33. Ng5 Ra2+
34. Kg1 Nxc3 35. Ne6+ Kf7 36. Nxf8 Kxf8 37. Bh6+ Kf7 38. Rf2 Ra4 39. Rd2 Ra8
40. Kg2 Nb5 41. g4 Rc8 42. h4 Nd6 43. Bg5 Rc5 44. Re2 e5 45. Ra2 Rc7 46. Ra6
Ke6 47. Ra2 Rb7 48. Re2 Rb4 49. Ra2 h5 50. gxh5 gxh5 51. Ra8 Rb2+ 52. Kh3 Rb3
53. Kg2 Nf5 54. Rh8 Nd4 55. Rh6+ Kd5 56. Rxh5 Nxf3 57. Bf6 Ke4 58. Bxe5 Nxe5
59. Rh8 Ng6 60. Re8+ Kf4 61. Kf2 Rb2+ 62. Ke1 Nxh4 63. Re2 Rb8 64. Kd1 Nf3 65.
Re7 Rb2 66. Re2 Rb8 67. Re7 Rc8 68. Ke2 Rc3 69. Rf7+ Ke4 70. Re7+ Ne5 71. Kd2
Rc8 72. Re6 Kd5 73. Re7 Kd4 74. Rh7 Nc4+ 75. Ke2 Re8+ 76. Kf2 Nd6 77. Rd7 Re6
78. Kf3 Rg6 79. Rd8 Rf6+ 80. Ke2 Ke4 81. Kd2 Nc4+ 82. Kc3 Rc6 83. Rd4+ Ke5 84.
Rxc4 Rxc4+ 85. Kxc4 1/2-1/2

[Event "BL 1516 SV Mülheim Nord - OSG Baden Ba"]
[Site "?"]
[Date "2016.04.23"]
[Round "14.5"]
[White "Naiditsch, Arkadij"]
[Black "Hausrath, Daniel"]
[Result "1-0"]
[WhiteElo "2660"]
[BlackElo "2501"]
[PlyCount "85"]
[EventDate "2016.??.??"]

1. e4 c5 2. Nf3 Nc6 3. Bb5 Nf6 4. Bxc6 dxc6 5. d3 g6 6. h3 Bg7 7. Nc3 Nd7 8.
Be3 e5 9. Qd2 h6 10. O-O Qe7 11. Nh2 Nf8 12. f4 exf4 13. Bxf4 Ne6 14. Bg3 Nd4
15. Rae1 Be6 16. e5 Nf5 17. Bf2 h5 18. Ne4 b6 19. Nf3 O-O-O 20. Qc3 Bd5 21. Qa3
h4 22. d4 cxd4 23. Qxe7 Nxe7 24. Bxh4 Nf5 25. Bxd8 Rxd8 26. Nf6 Bxf6 27. exf6
Ne3 28. Rf2 Bxf3 29. Rxf3 Nxc2 30. Rc1 Ne3 31. Rxc6+ Kd7 32. Rc1 Ke6 33. Kf2
Rd6 34. g4 g5 35. Ke2 Nd5 36. Kd2 Nf4 37. h4 Kxf6 38. Rcf1 Kg6 39. hxg5 Ne6 40.
Rxf7 Nxg5 41. Rxa7 Ne4+ 42. Kd1 d3 43. Ra4 1-0

[Event "BL 1516 SV Mülheim Nord - OSG Baden Ba"]
[Site "?"]
[Date "2016.04.23"]
[Round "14.6"]
[White "Feygin, Michael"]
[Black "Nisipeanu, Liviu-Dieter"]
[Result "1/2-1/2"]
[WhiteElo "2471"]
[BlackElo "2667"]
[PlyCount "76"]
[EventDate "2016.??.??"]

1. f4 c5 2. Nf3 g6 3. g3 Bg7 4. Bg2 Nc6 5. O-O d6 6. e4 e6 7. c3 Nge7 8. d3 O-O
9. Be3 b6 10. Nbd2 Ba6 11. Ne1 d5 12. e5 d4 13. Bf2 dxc3 14. bxc3 Bxd3 15. Nxd3
Qxd3 16. Ne4 Qxd1 17. Rfxd1 Rad8 18. Kf1 Na5 19. Rac1 Nc4 20. Nd6 Nxd6 21. exd6
Nd5 22. c4 Nc3 23. Rd2 f5 24. Re1 Ne4 25. Bxe4 Bc3 26. Bc6 Bxd2 27. Rxe6 Rf7
28. Bd5 Kf8 29. Re2 Bc3 30. Bxf7 Kxf7 31. Re7+ Kg8 32. Rxa7 Rxd6 33. Ra6 Rd1+
34. Ke2 Rd2+ 35. Kf3 Rd3+ 36. Ke2 Rd2+ 37. Kf3 Rd3+ 38. Ke2 Rd2+ 1/2-1/2

[Event "BL 1516 SV Mülheim Nord - OSG Baden Ba"]
[Site "?"]
[Date "2016.04.23"]
[Round "14.7"]
[White "Movsesian, Sergei"]
[Black "Saltaev, Mihail"]
[Result "1-0"]
[WhiteElo "2659"]
[BlackElo "2483"]
[PlyCount "37"]
[EventDate "2016.??.??"]

1. e4 c6 2. d4 d5 3. e5 Bf5 4. h4 a6 5. a3 h5 6. c4 dxc4 7. Bxc4 e6 8. Ne2 Nd7
9. Ng3 Bg6 10. Nc3 Ne7 11. Bg5 Qb6 12. O-O Qxb2 13. Nge4 Bxe4 14. Nxe4 Nf5 15.
Rb1 Qxd4 16. Rxb7 Nxe5 17. Qb3 Bd6 18. Rd1 Qxe4 19. Rb8+ 1-0